Esposición Histórico Militar (Record no. 61517)
[ view plain ]
| 000 -LEADER | |
|---|---|
| campo de control de longitud fija | 00513nam a2200157 i 4500 |
| 001 - NÚMERO DE CONTROL | |
| campo de control | 61517 |
| 003 - IDENTIFICADOR DE NÚMERO DE CONTROL | |
| campo de control | ES-MaACL |
| 005 - FECHA Y HORA DE LA ÚLTIMA TRANSACCIÓN | |
| campo de control | 20230906164456.0 |
| 007 - CAMPO FIJO DE DESCRIPCIÓN FÍSICA--INFORMACIÓN GENERAL | |
| campo de control de longitud fija | t| |
| 008 - DATOS DE LONGITUD FIJA--INFORMACIÓN GENERAL | |
| campo de control de longitud fija | 031112s1971 sp ||||1| spa d |
| 111 2# - ENTRADA PRINCIPAL--NOMBRE DE CONGRESO/REUNIÓN | |
| Nombre de congreso/reunión o jurisdicción como elemento de entrada | Exposición Histórico Militar ( |
| Fecha del congreso o de la firma del tratado | 1971. |
| Sede del congreso/Lugar de la reunión | Sevilla) |
| 9 (RLIN) | 691 |
| 245 10 - MENCIÓN DEL TÍTULO | |
| Título | Esposición Histórico Militar |
| Resto del título | : Casa de Pilatos, mayo-junio de 1971. |
| 260 ## - PUBLICACIÓN, DISTRIBUCIÓN, ETC. | |
| Lugar de publicación, distribución, etc. | [S.l. : |
| Nombre del editor, distribuidor, etc. | s.n., |
| Fecha de publicación, distribución, etc. | 1971] ( |
| Lugar de fabricación/manufactura | Sevilla : |
| Fabricante | Gráf. Sur) |
| 300 ## - DESCRIPCIÓN FÍSICA | |
| Extensión | 193 p., 34 lám. : |
| Otras características físicas | il. ; |
| Dimensiones | 25 cm. |
| 852 ## - LOCALIZACIÓN | |
| Ubicación | ES-MaACL |
| Número de control de estantería | D-6781 |
| Sublocalización o colección | R.79127 |
| Estatus retirado | Estado de pérdida | Estado de daño | No para préstamo | Biblioteca de origen | Biblioteca actual | Ubicación en estantería | Fecha de adquisición | Fuente de adquisición | Total de préstamos | Signatura topográfica completa | Código de barras | Visto por última vez | Precio de reemplazo | Tipo de ítem Koha |
|---|---|---|---|---|---|---|---|---|---|---|---|---|---|---|
| Biblioteca del Ateneo de Madrid | Biblioteca del Ateneo de Madrid | Sala Valle Inclán | 17/01/2008 | D-6781 | 901064502 | 23/02/2023 | 23/02/2023 | Libro impreso |
